| 000 | 01102nam0a22002651 4500 | ||
|---|---|---|---|
| 001 | rc\3670404 | ||
| 005 | 20250610060238.0 | ||
| 035 | _a(NLR Aleph) 007745333 | ||
| 090 |
_a7204625 _c7204625 |
||
| 100 | _a20130115g19731974|||y0rusy50 ca | ||
| 101 | 0 | _arus | |
| 102 | _aRU | ||
| 105 | _aa c ||||| | ||
| 200 | 1 |
_aКомплексная лабораторная установка "Сигма" _e[Краткое описание и метод. указания] _fАвт.-сост.: В.Н. Пучков, В.А. Придатко _gСевастоп. высш. воен.-морское инж. училище |
|
| 210 |
_aСевастополь _cБ. и. _d1973 (обл. 1974) |
||
| 215 |
_a20 с., 1 л. схем. _cил. _d22 |
||
| 333 | _aДля служебного пользования. Экз. № 30 | ||
| 532 | 1 | 3 | _aКомплексная лабораторная установка Сигма |
| 702 | 1 |
_aПридатко _bВ.А. _4220 |
|
| 702 | 1 |
_aПучков _bВ.Н. _4220 |
|
| 801 | 0 |
_aRU _bNLR _gpsbo |
|
| 801 | 1 |
_aRU _bELAR _2rusmarc |
|
| 852 |
_aNLR _j74-50к/1032 |
||
| 942 | _cBOOK | ||
| 980 | _aNB | ||